Cyclisme- Coureurs victorieux en World Tour en 2017 - Statistiques

Statistiques générales
  • Ce quiz a été pris 77 fois
  • Le résultat moyen est 42 sur 87
Statistiques - réponses
Nb de victoires Nationalité Equipe Coureur Retraité ? % Correct
4 Royaume-Uni Team Sky Chris Froome NON
95%
10 Slovaquie Bora-Hansgrohe Peter Sagan OUI
95%
8 Espagne Movistar Team Alejandro Valverde OUI
92%
1 France FDJ Thibaut Pinot OUI
92%
4 Slovénie Team LottoNL-Jumbo Primoz Roglic NON
91%
3 Colombie Movistar Team Nairo Quintana NON
88%
3 France FDJ Arnaud Démare NON
85%
7 Allemagne Quick-Step Floors Marcel Kittel OUI
85%
3 Italie Bahrain Merida Pro Cycling Team Vincenzo Nibali OUI
85%
4 Pays-Bas Team Sunweb Tom Dumoulin OUI
83%
1 Nouvelle-Zélande Team LottoNL-Jumbo George Bennett NON
82%
1 France AG2R La Mondiale Romain Bardet NON
82%
5 Irlande Bora-Hansgrohe Sam Bennett NON
82%
9 Colombie Quick-Step Floors Fernando Gaviria NON
80%
2 France Quick-Step Floors Julian Alaphilippe NON
80%
4 Australie Team Sunweb Michael Matthews NON
78%
2 France Team Sunweb Warren Barguil NON
78%
2 Allemagne Lotto Soudal André Greipel OUI
77%
3 Italie Team Sky Elia Viviani NON
75%
3 Pologne Team Sky Michal Kwiatkowski NON
74%
2 Royaume-Uni ORICA-Scott Simon Yates NON
74%
7 Australie ORICA-Scott Caleb Ewan NON
72%
3 Belgique Quick-Step Floors Philippe Gilbert OUI
72%
4 Belgique BMC Racing Team Greg Van Avermaet OUI
71%
3 Danemark Astana Pro Team Jakob Fuglsang NON
69%
2 Portugal UAE Team Emirates Rui Costa NON
69%
2 Royaume-Uni Team Sky Geraint Thomas NON
68%
2 Norvège Team Katusha Alpecin Alexander Kristoff NON
66%
1 Italie Astana Pro Team Fabio Aru OUI
65%
6 Australie BMC Racing Team Richie Porte OUI
63%
1 Royaume-Uni Team Dimension Data Mark Cavendish NON
60%
1 Espagne Trek-Segafredo Alberto Contador OUI
58%
1 Espagne Team Sky Mikel Landa NON
58%
3 Australie BMC Racing Team Rohan Dennis OUI
58%
2 Suisse BMC Racing Team Stefan Küng NON
57%
1 France Cannondale - Drapac Pro Cycling Team Pierre Rolland OUI
55%
2 Pologne Bora-Hansgrohe Rafal Majka NON
55%
1 Colombie Cannondale - Drapac Pro Cycling Team Rigoberto Uran NON
55%
1 Etats-Unis BMC Racing Team Tejay Van Garderen OUI
52%
1 Luxembourg Quick-Step Floors Bob Jungels NON
51%
3 Belgique Lotto Soudal Tim Wellens NON
51%
1 Pays-Bas Trek-Segafredo Bauke Mollema NON
49%
1 France Direct Energie Lilian Calmejane NON
49%
1 Colombie Team Sky Sergio Henao OUI
49%
3 Italie UAE Team Emirates Diego Ulissi NON
48%
1 Norvège Team Dimension Data Edvald Boasson Hagen NON
48%
5 Italie Quick-Step Floors Matteo Trentin NON
48%
2 Belgique Lotto Soudal Thomas De Gendt NON
48%
2 Colombie Astana Pro Team Miguel Angel Lopez NON
46%
1 France Cofidis, Solutions Crédits Nacer Bouhanni OUI
46%
1 Kazakhstan Astana Pro Team Alexey Lutsenko NON
45%
1 Afrique du Sud ORICA-Scott Daryl Impey OUI
45%
1 Pays-Bas Team Sky Wout Poels NON
45%
2 Belgique Quick-Step Floors Yves Lampaert NON
42%
1 Italie AG2R La Mondiale Domenico Pozzovivo NON
40%
2 Pays-Bas Team LottoNL-Jumbo Dylan Groenewegen NON
40%
1 Belgique Trek-Segafredo Jasper Stuyven NON
38%
2 Suisse ORICA-Scott Michael Albasini OUI
35%
1 Pologne Bora-Hansgrohe Maciej Bodnar OUI
34%
1 Slovénie UAE Team Emirates Matej Mohoric NON
34%
1 Italie Bahrain Merida Pro Cycling Team Sonny Colbrelli OUI
32%
2 Belgique BMC Racing Team Dylan Teuns NON
31%
1 Espagne Movistar Team Gorka Izagirre NON
26%
2 Espagne Quick-Step Floors David de la Cruz NON
25%
1 Slovénie UAE Team Emirates Jan Polanc OUI
25%
2 Slovénie Team Katusha Alpecin Simon Spilak OUI
23%
1 Etats-Unis Cannondale - Drapac Pro Cycling Team Andrew Talansky OUI
22%
1 Italie FDJ Davide Cimolai NON
22%
2 Belgique Trek-Segafredo Edward Theuns NON
17%
1 Autriche Bora-Hansgrohe Lukas Postlberger NON
17%
1 Allemagne Team Sunweb Nikias Arndt NON
17%
1 Etats-Unis Aqua Blue Sport Larry Warbasse NON
15%
1 Allemagne Team Sunweb Phil Bauhaus NON
14%
1 Royaume-Uni Team Sky Peter Kennaugh OUI
12%
2 Pologne Lotto Soudal Tomasz Marczynski OUI
12%
1 Espagne Team Dimension Data Omar Fraile NON
11%
1 Pays-Bas Team Sky Danny Van Poppel NON
9%
1 Pays-Bas Team LottoNL-Jumbo Jos Van Emden OUI
9%
1 Pays-Bas Team LottoNL-Jumbo Lars Boom OUI
9%
1 Suisse BMC Racing Team Silvan Dillier NON
9%
1 Australie ORICA-Scott Jack Haig NON
8%
1 Italie Trek-Segafredo Fabio Felline NON
6%
1 Pays-Bas Team LottoNL-Jumbo Koen Bouwman NON
6%
1 Belgique Lotto Soudal Sander Armée OUI
6%
2 Etats-Unis Rally Cycling Evan Huffman OUI
3%
1 Royaume-Uni Team Sky Jonathan Dibben OUI
3%
1 Italie UAE Team Emirates Sacha Modolo OUI
3%
Aucun quiz correspondant
Distribution des résultats
% des personnes avec chaque résultat
Percentile par nombre de réponses
Votre historique - résultats
Vous n’avez pas pris ce quiz